Vè chống phong kiến, đế quốc
Bao gồm các bài vè tố cáo, châm biếm và đả kích phong kiến đế quốc, các bài vè về những phong trào đấu tranh, những trận chiến đấu của quân và dân ta
Đã lưu trong:
| 企业作者: | |
|---|---|
| 格式: | 图书 |
| 语言: | Undetermined |
| 出版: |
Hà Nội
Khoa học - Xã hội
2015
|
| 主题: | |
| 标签: |
添加标签
没有标签, 成为第一个标记此记录!
|
| Thư viện lưu trữ: | Trung tâm Học liệu Trường Đại học Cần Thơ |
|---|
| LEADER | 00881nam a2200193Ia 4500 | ||
|---|---|---|---|
| 001 | CTU_209441 | ||
| 008 | 210402s9999 xx 000 0 und d | ||
| 082 | |a 398.809597 | ||
| 082 | |b H452/Q.2 | ||
| 110 | |a Hội văn nghệ dân gian Việt Nam | ||
| 245 | 0 | |a Vè chống phong kiến, đế quốc | |
| 245 | 0 | |c Vũ Tố Hảo (Biên soạn) | |
| 260 | |a Hà Nội | ||
| 260 | |b Khoa học - Xã hội | ||
| 260 | |c 2015 | ||
| 520 | |a Bao gồm các bài vè tố cáo, châm biếm và đả kích phong kiến đế quốc, các bài vè về những phong trào đấu tranh, những trận chiến đấu của quân và dân ta | ||
| 650 | |a Văn học dân gian Việt Nam,Folk literature,Vietnamese | ||
| 904 | |i Trần Thu Thảo,Hải | ||
| 980 | |a Trung tâm Học liệu Trường Đại học Cần Thơ | ||